Hmotná stimulácia ako faktor zvyšovania konkurenčnej schopnosti podniku
Príspevok sa zameriava na podstatné zložky hmotnej stimulácie podniku, t.j. mzdu, mzdové prostriedky, osobné náklady, ich vzťah k produktivite práca a na mieru odvodového zaťaženia mzdy. Komparácia údajov za SR s údajmi krajín V4 a EÚ.
Gespeichert in:
| 1. Verfasser: | |
|---|---|
| Weitere Verfasser: | |
| Format: | Buchkapitel |
| Sprache: | Slowakisch |
| Schlagworte: | |
| Tags: |
Keine Tags, Fügen Sie das erste Tag hinzu!
|
MARC
| LEADER | 00000naa$a2200000$$$4500 | ||
|---|---|---|---|
| 001 | 0015161 | ||
| 005 | 20221128113022.7 | ||
| 041 | 0 | |a slo | |
| 044 | |a SK | ||
| 245 | 1 | 0 | |a Hmotná stimulácia ako faktor zvyšovania konkurenčnej schopnosti podniku |c aut. Viera Marková, Vladimíra Žuravová |
| 520 | |a Príspevok sa zameriava na podstatné zložky hmotnej stimulácie podniku, t.j. mzdu, mzdové prostriedky, osobné náklady, ich vzťah k produktivite práca a na mieru odvodového zaťaženia mzdy. Komparácia údajov za SR s údajmi krajín V4 a EÚ. | ||
| 610 | 2 | 0 | |a podnik |
| 610 | 2 | 0 | |a konkurencieschopnosť |
| 610 | 2 | 0 | |a stimulovanie hmotné |
| 610 | 2 | 0 | |a porovnanie medzinárodné |
| 610 | 2 | 0 | |a Slovensko |
| 610 | 2 | 0 | |a Európska únia |
| 610 | 2 | 0 | |a Vyšehradská štvorka |
| 100 | 1 | |a Marková, Viera | |
| 700 | 1 | |a Žuravová, Vladimíra | |